[Event "10th EICC"]
[Site "Budva MNE"]
[Date "2009.03.08"]
[Round "3"]
[White "Savanovic,A"]
[Black "Vucinic,P"]
[Result "1-0"]
[WhiteElo "2428"]
[BlackElo "2257"]
[EventDate "2009.03.06"]

1. Nf3 Nf6 2. c4 e6 3. g3 b6 4. Bg2 Bb7 5. O-O Be7 6. b3 O-O 7. Bb2 d5 8.
Ne5 Nbd7 9. f4 c5 10. Nc3 Qc8 11. e3 dxc4 12. bxc4 Rd8 13. Rf2 Bxg2 14.
Kxg2 Qb7+ 15. Qf3 Qxf3+ 16. Kxf3 Nxe5+ 17. fxe5 Nd7 18. Ne4 b5 19. cxb5
Rdb8 20. a4 a6 21. Rff1 Bf8 22. Bc3 axb5 23. axb5 Rxa1 24. Rxa1 Rxb5 25.
Ra7 Nb8 26. Rc7 Na6 27. Rc6 Nb4 28. Rc8 Nd5 29. Nd6 Nxc3 30. dxc3 Ra5 31.
g4 h6 32. h4 g6 33. Rc7 Ra1 34. Rxc5 Rd1 35. Rc8 Rd5 36. Re8 Ra5 37. Ke4
Ra4+ 38. c4 Rb4 39. h5 f5+ 40. gxf5 exf5+ 41. Kf4 1-0

[Event "10th EICC"]
[Site "Budva MNE"]
[Date "2009.03.08"]
[Round "3"]
[White "Ketzetzis,G"]
[Black "Martinovic,Sa"]
[Result "0-1"]
[WhiteElo "2243"]
[BlackElo "2427"]
[EventDate "2009.03.06"]

1. e4 e6 2. d4 d5 3. Nc3 Bb4 4. a3 Bxc3+ 5. bxc3 dxe4 6. Qg4 Nf6 7. Qxg7
Rg8 8. Qh6 Nbd7 9. a4 c5 10. a5 Qc7 11. Qe3 cxd4 12. cxd4 Ng4 13. Qd2 Nxh2
14. Be2 Rxg2 15. Ra3 Nf6 16. Rc3 e3 17. Rxe3 Bd7 18. Ba3 O-O-O 19. a6 Bc6
20. axb7+ Kb8 21. Nh3 Ne4 22. Qb4 Nxf2 23. Nxf2 Qf4 24. Qc3 Qxf2+ 25. Kd1
Bxb7 26. Bc5 Rg5 27. Re1 Rxc5 28. Bc4 Nf3 29. Rf1 Qxf1+ 0-1

[Event "10th EICC"]
[Site "Budva MNE"]
[Date "2009.03.08"]
[Round "3"]
[White "Arsovic,G"]
[Black "Drljevic,L"]
[Result "1-0"]
[WhiteElo "2426"]
[BlackElo "2244"]
[EventDate "2009.03.06"]

1. d4 d6 2. Nf3 g6 3. c4 Bg7 4. Nc3 Nf6 5. g3 O-O 6. Bg2 Nbd7 7. O-O e5 8.
e4 Re8 9. h3 exd4 10. Nxd4 Nc5 11. Re1 a5 12. Rb1 c6 13. Bf4 Nh5 14. Be3
Nf6 15. Qc2 Qe7 16. Rbd1 Nfd7 17. b3 Qd8 18. Nde2 Qc7 19. Bd4 Bf8 20. f4
Ne6 21. Bf2 Ng7 22. Nd4 Nb6 23. Qd3 Bd7 24. f5 a4 25. g4 axb3 26. axb3 Ra6
27. Bg3 Nc8 28. Kh1 Qa5 29. Nc2 Qd8 30. fxg6 hxg6 31. e5 c5 32. Ne4 Be7 33.
exd6 Bh4 34. Nxc5 Bxg3 35. Qxg3 Ra2 36. Rxe8+ Nxe8 37. Nb4 Rb2 38. Nxd7
Qxd7 39. c5 Na7 40. Qe3 Nf6 41. Nd5 Nxd5 1-0

[Event "10th EICC"]
[Site "Budva MNE"]
[Date "2009.03.08"]
[Round "3"]
[White "Bozinovic,Bob"]
[Black "Jakovljevic,Vlado"]
[Result "1/2-1/2"]
[WhiteElo "2095"]
[BlackElo "2420"]
[EventDate "2009.03.06"]

1. d4 Nf6 2. Nf3 e6 3. Bg5 c5 4. c3 Be7 5. e3 b6 6. Bd3 Bb7 7. Nbd2 Nc6 8.
O-O O-O 9. e4 cxd4 10. cxd4 Nb4 11. Bb1 Ba6 12. Re1 Nd3 13. Re3 Nb4 14.
Bxf6 Bxf6 15. Qa4 Be7 16. a3 b5 17. Qd1 Nc6 18. d5 exd5 19. exd5 Na5 20.
Ne5 g6 21. b4 d6 22. Ng4 Bf6 1/2-1/2

[Event "10th EICC"]
[Site "Budva MNE"]
[Date "2009.03.08"]
[Round "3"]
[White "Golubovic,B"]
[Black "Anicic,V"]
[Result "1-0"]
[WhiteElo "2403"]
[BlackElo "2212"]
[EventDate "2009.03.06"]

1. d4 e6 2. c4 Nf6 3. g3 d5 4. Nf3 b6 5. Bg2 Nbd7 6. O-O Be7 7. cxd5 exd5
8. Nc3 O-O 9. Ne5 Bb7 10. Qa4 Qe8 11. Nxd7 Qxd7 12. Qxd7 Nxd7 13. Nxd5 Bxd5
14. Bxd5 Rad8 15. Bf3 Bf6 16. Bf4 c5 17. Bc7 Rc8 18. Bd6 Rfe8 19. Bg4 Red8
20. dxc5 bxc5 21. Rad1 Rc6 22. Bf3 Rcc8 23. Bb7 Bxb2 24. Bxc8 Rxc8 25. Rb1
Be5 26. Rb7 1-0

[Event "10th EICC"]
[Site "Budva MNE"]
[Date "2009.03.08"]
[Round "3"]
[White "Nikac,P"]
[Black "Valenti,G"]
[Result "1-0"]
[WhiteElo "2395"]
[BlackElo "2183"]
[EventDate "2009.03.06"]

1. e4 e6 2. d4 d5 3. Nc3 dxe4 4. Nxe4 Bd7 5. Nf3 Bc6 6. Bd3 Nd7 7. O-O Ngf6
8. Ng3 Be7 9. Re1 h5 10. Bg5 Bxf3 11. Qxf3 h4 12. Nf1 c6 13. c4 Qa5 14. c5
Nd5 15. Bxe7 Kxe7 16. Bc4 N7f6 17. Rab1 b5 18. cxb6 Qxb6 19. Rbc1 a5 20.
Nd2 Qxd4 21. Qa3+ Nb4 22. Nf3 Qf4 23. h3 Rhd8 24. Bf1 Ne4 25. Rc4 f5 26.
Rxc6 Rd2 27. Rc4 Rxf2 28. Rcxe4 Rxf1+ 29. Rxf1 fxe4 30. Qc3 Rg8 31. Ne5 1-0

[Event "10th EICC"]
[Site "Budva MNE"]
[Date "2009.03.08"]
[Round "3"]
[White "Kruljac,P"]
[Black "Kreisl,R"]
[Result "0-1"]
[WhiteElo "2052"]
[BlackElo "2394"]
[EventDate "2009.03.06"]

1. d4 Nf6 2. c4 g6 3. Nc3 Bg7 4. Nf3 O-O 5. e4 d6 6. h3 c5 7. Be3 cxd4 8.
Nxd4 b6 9. Be2 Bb7 10. Qc2 Nbd7 11. f4 Nc5 12. b4 Ncxe4 13. Bf3 d5 14. O-O
Rc8 15. Bxe4 Nxe4 16. Nxe4 Rxc4 17. Qd3 Rxd4 18. Nf6+ Bxf6 19. Bxd4 Ba6 20.
Qc3 Bxd4+ 21. Qxd4 Bxf1 22. Rxf1 e6 23. Rc1 Qd7 24. Qc3 d4 25. Qd3 Qd6 26.
Rc4 Rd8 27. g3 Qd5 28. a4 Rd7 29. b5 Kg7 30. g4 Qd6 31. f5 exf5 32. gxf5
Qf4 33. fxg6 hxg6 34. Rc6 Rd5 0-1

[Event "10th EICC"]
[Site "Budva MNE"]
[Date "2009.03.08"]
[Round "3"]
[White "Atakisi,U"]
[Black "Scekic,V"]
[Result "1-0"]
[WhiteElo "2393"]
[BlackElo "2084"]
[EventDate "2009.03.06"]

1. e4 c6 2. d4 d5 3. Nd2 dxe4 4. Nxe4 Nf6 5. Nxf6+ exf6 6. Bc4 Bd6 7. Qe2+
Qe7 8. Qxe7+ Bxe7 9. Bf4 Bf5 10. O-O-O Be6 11. d5 cxd5 12. Bxd5 Nc6 13.
Bxc6+ bxc6 14. Bc7 Bc5 15. Rd2 Bd5 16. Nf3 O-O 17. a3 Rfe8 18. Kd1 Re7 19.
Ba5 Rc8 20. Ne1 Rb7 21. Bc3 h5 22. f3 Be3 23. Re2 Bc4 24. Nd3 f5 25. Rhe1
f4 1-0

[Event "10th EICC"]
[Site "Budva MNE"]
[Date "2009.03.08"]
[Round "3"]
[White "Malureanu,C"]
[Black "Pilaj,H"]
[Result "0-1"]
[WhiteElo "2013"]
[BlackElo "2393"]
[EventDate "2009.03.06"]

1. e4 e6 2. d4 d5 3. Nc3 Nf6 4. Bg5 Bb4 5. e5 h6 6. Be3 Ne4 7. Qg4 g6 8. a3
Bxc3+ 9. bxc3 c5 10. Bb5+ Bd7 11. Bxd7+ Nxd7 12. Ne2 Qa5 13. O-O Nxc3 14.
Nxc3 Qxc3 15. dxc5 Nxc5 16. Bd4 Qc4 17. Rab1 b6 18. Rfc1 Rc8 19. Rb4 Qa6
20. Bb2 Nd7 21. c4 dxc4 22. Rbxc4 O-O 23. h4 h5 24. Qf4 Rxc4 25. Rxc4 Nc5
26. Rd4 Qb5 27. Bc3 Qb1+ 28. Kh2 Qf5 29. Qe3 Rc8 30. g3 Qc2 31. Bb4 a5 32.
Bxc5 Qxc5 33. Qf4 Qxa3 34. g4 hxg4 35. Qxg4 Qc1 36. Rf4 Qe1 37. Qg5 Qd1 38.
Qf6 Rf8 39. Rf3 Qd8 40. Qf4 Kg7 41. Kg2 f5 42. exf6+ Qxf6 0-1

[Event "10th EICC"]
[Site "Budva MNE"]
[Date "2009.03.08"]
[Round "3"]
[White "Draskovic,L"]
[Black "Todorovic,GN"]
[Result "0-1"]
[WhiteElo "1983"]
[BlackElo "2389"]
[EventDate "2009.03.06"]

1. e4 Nc6 2. Nf3 d6 3. d4 Nf6 4. Bd3 Bg4 5. c3 e5 6. Be3 d5 7. Nbd2 exd4 8.
cxd4 dxe4 9. Nxe4 Bb4+ 10. Nc3 O-O 11. O-O Be7 12. Be2 Nb4 13. h3 Bf5 14.
Rc1 c6 15. Ne5 Nbd5 16. Bf3 Be6 17. Qd2 Re8 18. Rfe1 h6 19. Nd3 Rc8 20. Nf4
Nxf4 21. Bxf4 Nd5 22. Nxd5 Bxd5 23. Bg4 Ra8 24. Re3 Bf8 25. Rce1 Rxe3 26.
Rxe3 Bxa2 27. Bf5 Qf6 28. g4 Bd5 29. Be5 Qd8 30. Bc2 g6 31. Re1 Qh4 32. Kh2
Bg7 33. Bxg7 Kxg7 34. Qe3 Re8 35. Qd2 Rxe1 36. Qxe1 Qf6 37. Qe3 Qf3 38.
Qxf3 Bxf3 39. Kg3 Bd5 40. Kf4 Kf6 41. h4 g5+ 42. Kg3 Ke7 43. f4 f6 44. hxg5
hxg5 45. fxg5 fxg5 46. Kf2 Kd6 47. Ke3 a5 48. Bd1 b5 49. Kd3 c5 50. dxc5+
Kxc5 51. Kc3 a4 52. Kd3 Bc6 53. Be2 b4 54. Bd1 Bb5+ 55. Kc2 Kd4 56. Kd2 b3
57. Bf3 Bd3 58. Kc1 a3 0-1

[Event "10th EICC"]
[Site "Budva MNE"]
[Date "2009.03.08"]
[Round "3"]
[White "Tomic,Bos"]
[Black "Fugulyan,G"]
[Result "1-0"]
[WhiteElo "2384"]
[BlackElo "1978"]
[EventDate "2009.03.06"]

1. e4 e5 2. Nf3 Nc6 3. Bb5 a6 4. Ba4 Nf6 5. O-O b5 6. Bb3 Be7 7. Bd5 Nxd5
8. exd5 Nb4 9. Nxe5 Bb7 10. Nc3 O-O 11. d4 Nxd5 12. Qf3 Nxc3 13. Qxc3 Bd5
14. Bf4 g5 15. Qg3 Kh8 16. Bd2 f6 17. Ng4 Bd6 18. Qh3 Qe8 19. f4 f5 20. Ne5
g4 21. Qh4 Be7 22. Ng6+ Qxg6 23. Qxe7 Qe6 24. Rae1 Bxg2 25. d5 1-0

[Event "10th EICC"]
[Site "Budva MNE"]
[Date "2009.03.08"]
[Round "3"]
[White "Elkin,L"]
[Black "Bruno,Fabi"]
[Result "0-1"]
[WhiteElo "2191"]
[BlackElo "2461"]
[EventDate "2009.03.06"]

1. e4 c5 2. Nf3 Nc6 3. d4 cxd4 4. Nxd4 Qb6 5. Nb3 Nf6 6. Nc3 e6 7. Be3 Qc7
8. a3 a6 9. Be2 d6 10. Qd2 b5 11. g4 Ne5 12. f3 Be7 13. Nd4 Nfd7 14. g5 Nb6
15. b3 Bb7 16. f4 Ned7 17. Bf3 Rc8 18. Nd1 g6 19. O-O e5 20. f5 exd4 21.
Qxd4 O-O 22. f6 Bd8 23. Nf2 Ne5 24. Ng4 Nxg4 25. Bxg4 Nd7 26. Rad1 Ne5 27.
Bxc8 Qxc8 28. Rf4 Bc7 29. Qd2 Bxe4 30. Rdf1 d5 31. Bc5 Qh3 32. Qe2 Re8 0-1

[Event "10th EICC"]
[Site "Budva MNE"]
[Date "2009.03.08"]
[Round "3"]
[White "Fernandes,Ant"]
[Black "Solic,K"]
[Result "1-0"]
[WhiteElo "2422"]
[BlackElo "2204"]
[EventDate "2009.03.06"]

1. d4 d5 2. Bg5 h6 3. Bh4 c5 4. Nc3 g5 5. Bg3 Bg7 6. e3 c4 7. e4 dxe4 8.
Bxc4 Bf5 9. Nd5 Na6 10. c3 Be6 11. Qa4+ Kf8 12. Qb5 Qc8 13. h4 Qc6 14. a4
Rc8 15. Ba2 Nb8 16. hxg5 hxg5 17. Rxh8 Bxh8 18. Ne2 a6 19. Qxc6 bxc6 20.
Nb6 Rd8 21. Bxe6 1-0

[Event "10th EICC"]
[Site "Budva MNE"]
[Date "2009.03.08"]
[Round "3"]
[White "Lekic,D"]
[Black "Bajkovic,N"]
[Result "1-0"]
[WhiteElo "2390"]
[BlackElo "2180"]
[EventDate "2009.03.06"]

1. e4 c5 2. Nf3 d6 3. d4 cxd4 4. Nxd4 Nf6 5. Nc3 a6 6. Be2 e5 7. Nb3 Nbd7
8. a4 Be7 9. O-O O-O 10. a5 Qc7 11. Kh1 b5 12. axb6 Nxb6 13. Na5 Be6 14. f4
exf4 15. Bxf4 Nfd7 16. Nd5 Bxd5 17. exd5 Bf6 18. Ra2 Be5 19. c4 Bxf4 20.
Rxf4 Ne5 21. b4 Nbd7 22. Nc6 Rfe8 23. h3 Ng6 24. Rf3 Nde5 25. Rfa3 Qb7 26.
c5 dxc5 27. bxc5 Nxc6 28. dxc6 Qb4 29. Rxa6 Rxa6 30. Rxa6 Qxc5 31. Bf3 h6
32. Ra4 Ne5 33. Re4 1-0

[Event "10th EICC"]
[Site "Budva MNE"]
[Date "2009.03.08"]
[Round "3"]
[White "Vulevic,V"]
[Black "Jakic,V"]
[Result "1-0"]
[WhiteElo "2325"]
[BlackElo "2154"]
[EventDate "2009.03.06"]

1. e4 c5 2. Nf3 d6 3. c3 Nc6 4. h3 Nf6 5. Bd3 g6 6. O-O Bg7 7. Bc2 O-O 8.
d4 cxd4 9. cxd4 e5 10. d5 Ne7 11. Nc3 h6 12. Nd2 Nh5 13. Nc4 a6 14. a4 Nf4
15. Be3 f5 16. a5 fxe4 17. Bxe4 Nf5 18. Bxf4 exf4 19. Nb6 Rb8 20. Ra4 Nh4
21. Bf3 Bf5 22. Re1 Qg5 23. Ne4 Bxe4 24. Raxe4 h5 25. Kh1 Rbd8 26. Nc4 Nxf3
27. Qxf3 Qxd5 28. Rd1 Qc6 29. Nb6 Qc2 30. Re7 Qxb2 31. Rxb7 1-0

[Event "10th EICC"]
[Site "Budva MNE"]
[Date "2009.03.08"]
[Round "3"]
[White "Papp,P"]
[Black "Vujic,M"]
[Result "1/2-1/2"]
[WhiteElo "2134"]
[BlackElo "2322"]
[EventDate "2009.03.06"]

1. e4 e5 2. Nf3 Nc6 3. Bb5 f5 4. Nc3 fxe4 5. Nxe4 Nf6 6. Nxf6+ Qxf6 7. Qe2
Be7 8. Bxc6 dxc6 9. Nxe5 Bf5 10. d4 O-O 11. Be3 Bd6 12. O-O-O Rae8 13. Qc4+
Be6 14. Qc3 Qf5 15. f4 Qe4 16. Rhg1 a5 17. Qd3 Qxd3 18. Rxd3 Bf5 19. Rdd1
c5 20. g3 Be6 21. Rge1 cxd4 22. Bxd4 a4 23. b3 axb3 24. axb3 Bf5 25. Kb2
Bxe5 26. Bxe5 c6 27. c4 Rd8 28. Kc3 Rxd1 29. Rxd1 Ra8 30. Kb2 g6 31. b4 Kf7
32. Kb3 Be6 33. Ra1 Rxa1 34. Bxa1 b5 35. Kc3 Bxc4 36. Kd4 Ke6 37. Ke3 Kf5
38. Bd4 Kg4 39. Kf2 Bd5 40. Bc5 h5 41. h4 Kf5 42. Ke3 Bg2 43. Bf8 Ke6 44.
Kd4 Bf1 45. Bc5 Bc4 46. Bf8 Bd5 47. Bc5 Ba2 48. Bf8 Kf5 49. Ke3 Kg4 50. Kf2
Bd5 51. Bc5 Kh3 52. Bf8 Kg4 53. Bc5 Kf5 54. Ke3 Bf7 1/2-1/2

[Event "10th EICC"]
[Site "Budva MNE"]
[Date "2009.03.08"]
[Round "3"]
[White "Zdravkovic,DS"]
[Black "Simeonidis,I"]
[Result "0-1"]
[WhiteElo "2130"]
[BlackElo "2303"]
[EventDate "2009.03.06"]

1. e4 c6 2. d4 d5 3. e5 Bf5 4. Bd3 Bxd3 5. Qxd3 e6 6. f4 Ne7 7. Nf3 Qa5+ 8.
c3 Qa6 9. Qxa6 Nxa6 10. O-O c5 11. a3 c4 12. g4 Nc7 13. Be3 Rb8 14. Nbd2 b5
15. b4 a5 16. Rfb1 axb4 17. axb4 Nc6 18. Nf1 Be7 19. Ng3 O-O 20. f5 Rfe8
21. g5 Bf8 22. f6 g6 23. Bd2 Ra8 24. Kf2 Ra4 25. Rxa4 bxa4 26. b5 Na5 27.
b6 Na6 28. Ra1 a3 29. Nf1 Rb8 30. Ne1 Rxb6 31. Nc2 Rb2 32. Nxa3 Nb3 33.
Nxc4 dxc4 34. Rxa6 Nxd2 35. Ne3 Ne4+ 36. Ke1 Nxc3 37. Nxc4 Rb8 38. Ra7 Rd8
39. Nb6 Nb5 40. Rb7 Nxd4 41. Nd7 Nf3+ 42. Kf2 Nxg5 43. Ke3 Bh6 44. h4 Nh3+
45. Kf3 Nf4 46. Rc7 Nd3 47. Ke4 Rxd7 48. Rc3 Nb4 49. Rc4 Nd5 50. Rc5 Rd8
51. Rc2 Bf8 52. h5 Ra8 53. Rb2 Ra4+ 54. Kd3 Nf4+ 0-1

[Event "10th EICC"]
[Site "Budva MNE"]
[Date "2009.03.08"]
[Round "3"]
[White "Mijovic,S"]
[Black "Ceranic,M"]
[Result "0-1"]
[WhiteElo "2300"]
[BlackElo "2147"]
[EventDate "2009.03.06"]

1. e4 c5 2. Nf3 Nf6 3. e5 Nd5 4. Nc3 Nc7 5. d4 cxd4 6. Nxd4 Nc6 7. Nxc6
bxc6 8. Qf3 Ne6 9. Bc4 Qa5 10. Bf4 Rb8 11. O-O g6 12. Ne4 h6 13. Bxe6 dxe6
14. Rfd1 Qb6 15. Qd3 Bg7 16. Nf6+ exf6 17. exf6 Bxf6 18. Bxb8 Qxb8 19. Qf3
Be7 20. Qxc6+ Kf8 21. Qc3 e5 22. f4 Bf6 23. Re1 Be6 24. fxe5 Be7 25. a3
Qb6+ 26. Kh1 Kg7 27. b4 Rc8 28. Qd2 Qc6 29. Re2 Rd8 30. Qe3 Rd7 31. Qf3 Bd5
32. Qg3 h5 33. Rd2 h4 34. Qe3 Rc7 35. Rad1 Be6 36. h3 Qc3 37. Qxc3 Rxc3 38.
Rd3 Rxc2 39. R1d2 Rc7 40. Kh2 Bg5 41. Rf2 Rc4 42. Rdf3 Re4 43. b5 Rxe5 44.
a4 Re4 45. a5 Rb4 46. b6 axb6 47. axb6 Rxb6 48. Rf1 Rb4 49. R3f2 Bd5 50.
Kh1 Rb3 51. Kh2 f5 52. Rc2 Be4 53. Ra2 Bf6 54. Ra7+ Kh6 55. Ra2 Kg5 56. Rd2
Bc3 57. Ra2 Bb2 58. Kg1 Bb1 59. Ra4 Be5 60. Ra5 Bd4+ 61. Kh2 Rb2 62. Rd1
Bc3 63. Rc5 Be4 0-1

[Event "10th EICC"]
[Site "Budva MNE"]
[Date "2009.03.08"]
[Round "3"]
[White "Berke,A"]
[Black "Misailovic,N"]
[Result "0-1"]
[WhiteElo "2081"]
[BlackElo "2293"]
[EventDate "2009.03.06"]

1. e4 c5 2. Ne2 d6 3. g3 Nc6 4. Bg2 g6 5. O-O Bg7 6. c3 e5 7. d3 Nge7 8.
Be3 O-O 9. d4 cxd4 10. cxd4 d5 11. dxe5 dxe4 12. Qxd8 Rxd8 13. Nbc3 Bg4 14.
Bxe4 Nxe5 15. f3 Bf5 16. Bxb7 Rab8 17. Be4 Rxb2 18. Rab1 Nxf3+ 19. Bxf3
Bxb1 20. Nxb1 Rd3 21. Bxa7 Rxf3 22. Rxf3 Rxa2 23. Bc5 Rxe2 24. Rd3 Nc6 25.
Nc3 Rc2 26. Na4 Be5 27. Be3 h5 28. Nc5 h4 29. Bf2 h3 30. Rd1 Bc7 31. Nd3 g5
32. Kf1 g4 33. Rc1 Rxc1+ 34. Nxc1 Ne5 35. Ne2 Nf3 36. Bg1 Be5 37. Kf2 Kg7
38. Ke3 Kg6 39. Ke4 f5+ 40. Kd5 Nxg1 41. Nxg1 Bxg3 0-1

[Event "10th EICC"]
[Site "Budva MNE"]
[Date "2009.03.08"]
[Round "3"]
[White "Tassopoulos,M"]
[Black "Becic,S"]
[Result "1-0"]
[WhiteElo "2293"]
[BlackElo "2131"]
[EventDate "2009.03.06"]

1. e4 c5 2. Nf3 Nc6 3. d4 cxd4 4. Nxd4 Nf6 5. Nc3 e6 6. Ndb5 Bb4 7. a3
Bxc3+ 8. Nxc3 d5 9. exd5 exd5 10. Bd3 d4 11. Ne4 Bf5 12. Nxf6+ Qxf6 13. O-O
O-O 14. b4 Bxd3 15. Qxd3 Rac8 16. Bb2 Rfd8 17. Rad1 a6 18. Rfe1 Re8 19. h3
Rxe1+ 20. Rxe1 h6 21. c3 dxc3 22. Bxc3 Qd8 23. Qe4 Qd7 24. Re3 f5 25. Qf4
Ne7 26. Qe5 Nc6 27. Qg3 Rf8 28. Rd3 Qe7 29. Rd6 f4 30. Qd3 Rd8 31. Qd5+ Kf8
32. Be5 Qg5 33. Rxd8+ Qxd8 34. Bd6+ Ne7 35. Qf5+ Ke8 36. Qxf4 Ng6 37. Qe4+
Kf7 38. Qd5+ Ke8 39. Qg8+ Kd7 40. Qxg7+ Kxd6 41. Qxg6+ Kc7 42. Qxh6 Qd4 43.
Qe3 Qd7 44. Kh2 b6 45. h4 Kc6 46. h5 Qg4 47. Qf3+ 1-0

[Event "10th EICC"]
[Site "Budva MNE"]
[Date "2009.03.08"]
[Round "3"]
[White "Gazvoda,F"]
[Black "Djurovic,G"]
[Result "0-1"]
[WhiteElo "2065"]
[BlackElo "2279"]
[EventDate "2009.03.06"]

1. e4 c5 2. Nf3 e6 3. d4 cxd4 4. Nxd4 Nc6 5. c4 Nf6 6. Nxc6 bxc6 7. Bd3
Bb4+ 8. Bd2 Bxd2+ 9. Qxd2 d6 10. O-O Nd7 11. Nc3 a5 12. b3 O-O 13. Rfd1 Qf6
14. Rac1 Rd8 15. Bb1 Nc5 16. f4 e5 17. f5 h6 18. Qe3 Qg5 19. Qxg5 hxg5 20.
Rd2 Kf8 21. Rcd1 Ke7 22. h3 Rb8 23. Bc2 Ba6 24. Rb1 Rd7 25. Kf2 Bc8 26. Ke3
Na6 27. a3 f6 28. Bd1 Rdb7 29. Rdb2 Bd7 30. Be2 Be8 31. Na4 Nc5 32. Nxc5
dxc5 33. Kd3 Rd7+ 34. Ke3 Bf7 35. a4 Rd4 36. g4 Rbd8 37. Rh1 Rb8 38. Rhb1
Rh8 39. Rh1 g6 40. Rd2 Rhd8 41. Rd3 Rh8 42. Rc3 Kf8 43. Rd3 Kg7 44. Rc3 Rb8
45. Rd1 Re8 46. Rcd3 Rh8 47. Rh1 Rh4 48. Rh2 Kf8 49. Rh1 Ke7 50. Rh2 Rh6
51. Rh1 Rh8 52. Rc3 gxf5 53. exf5 e4 54. Rcc1 Kd6 55. Rcd1 Ke5 56. Rc1 Rb8
57. Rc3 Rbd8 58. Rc2 R8d7 59. Rcc1 Be8 60. Rc2 Rb7 61. Rc3 Rh7 62. Rcc1 Bd7
63. Rc3 Rh4 64. Rcc1 Rh8 65. Rc2 Bc8 66. Rc3 Rh4 67. Rcc1 Rh7 68. Rc3 Rhd7
69. Rc2 Rd8 70. Rcc1 Rf8 71. Rc3 Bxf5 72. gxf5 Kxf5 73. h4 Rh8 74. h5 Ke5
75. Rg1 Rg8 76. h6 Rh8 77. Rh1 f5 78. Kf2 g4 79. Kg3 Rd6 80. h7 Rd7 81.
Rcc1 f4+ 82. Kf2 f3 83. Bxf3 exf3 84. Kg3 Rdxh7 85. Rxh7 Rxh7 86. Kxg4 f2
87. Rf1 Rf7 88. Kg3 Kd4 89. Kg2 Kc3 90. Rc1+ Kb2 91. Rf1 Kxb3 92. Rb1+ Kc2
93. Rf1 Kd2 94. Ra1 f1=Q+ 95. Rxf1 Rxf1 96. Kxf1 Kd3 0-1

[Event "10th EICC"]
[Site "Budva MNE"]
[Date "2009.03.08"]
[Round "3"]
[White "Dinter,B"]
[Black "Sorgic,D"]
[Result "0-1"]
[WhiteElo "2055"]
[BlackElo "2278"]
[EventDate "2009.03.06"]

1. Nf3 Nf6 2. e3 g6 3. d4 Bg7 4. c4 d6 5. Be2 Nbd7 6. O-O O-O 7. b4 e5 8.
dxe5 Ng4 9. Bb2 Ngxe5 10. Qc2 Nxf3+ 11. Bxf3 Ne5 12. Be2 Qh4 13. Nd2 a5 14.
b5 Qe7 15. Bd4 Nd7 16. Bf3 Nc5 17. Qc3 f6 18. Qa3 Ne6 19. Bc3 f5 20. Bd5
Kh8 21. Rac1 Nc5 22. Bd4 Be5 23. g3 Re8 24. Nf3 Bf6 25. Qc3 Kg7 26. Bxf6+
Qxf6 27. Qxf6+ Kxf6 28. Rfd1 Rb8 29. Nd4 a4 30. Rc3 Bd7 31. Rb1 g5 32. Ra3
h6 33. Bf3 Rec8 34. Bd1 c6 35. Ne2 Be6 36. Rc1 Ra8 37. Nd4 Bd7 38. Rb1 Be8
39. bxc6 bxc6 40. Rb4 Rcb8 41. Rxb8 Rxb8 42. Bf3 Rb6 43. h3 Bf7 44. g4 f4
45. exf4 gxf4 46. Ne2 Ke5 47. h4 Be6 48. Rc3 Rb4 49. Bxc6 Bxc4 50. Nc1 Kd4
51. Rc2 Rb1 52. Kg2 d5 53. Kf3 Nd3 54. Nxd3 Bxd3 55. Rd2 Kc3 56. Rxd3+ Kxd3
57. Bxd5 Kd4 58. Bf7 Rb7 59. Be8 a3 60. g5 hxg5 61. hxg5 Re7 62. Ba4 Ke5
63. Kg4 Rb7 64. Be8 Rb2 65. g6 Rxf2 66. Kh3 Rf3+ 67. Kg4 Rg3+ 68. Kh4 Kf6
69. Bf7 Rg1 70. Kh3 f3 0-1

[Event "10th EICC"]
[Site "Budva MNE"]
[Date "2009.03.08"]
[Round "3"]
[White "Stanojevic,B"]
[Black "Filipovic,Mi"]
[Result "1-0"]
[WhiteElo "2276"]
[BlackElo "2121"]
[EventDate "2009.03.06"]

1. c4 Nf6 2. d4 g6 3. Nc3 Bg7 4. e4 d6 5. Be2 O-O 6. Bg5 Na6 7. Qd2 Qe8 8.
h4 e5 9. d5 Nc5 10. f3 Nh5 11. Nb5 Na6 12. g4 Nf4 13. Nh3 Nxe2 14. Kxe2 f5
15. gxf5 gxf5 16. Rag1 Kh8 17. Bh6 Bxh6 18. Qxh6 Qe7 19. Rg6 fxe4 20. Rhg1
exf3+ 21. Kf2 Bf5 22. Rg7 Qf6 23. Rg8+ 1-0

[Event "10th EICC"]
[Site "Budva MNE"]
[Date "2009.03.08"]
[Round "3"]
[White "Mikavica,D"]
[Black "Brajovic,R"]
[Result "0-1"]
[WhiteElo "2034"]
[BlackElo "2275"]
[EventDate "2009.03.06"]

1. d4 Nf6 2. c4 e6 3. Nf3 b6 4. g3 Ba6 5. Qc2 c5 6. Bg2 Nc6 7. e3 Rc8 8.
Qa4 Na5 9. b3 Bb7 10. O-O Bc6 11. Qa3 cxd4 12. Qb2 dxe3 13. Bxe3 Be7 14.
Nc3 O-O 15. Rad1 Qc7 16. Qe2 a6 17. Bd4 d6 18. Qe3 Rb8 19. Bxf6 Bxf6 20.
Ne4 Bxe4 21. Qxe4 b5 22. cxb5 d5 23. Qg4 axb5 24. h4 Nc6 25. Rfe1 Qd6 26.
Re2 h6 27. Qh5 Rfe8 28. Ng5 hxg5 29. Be4 Nd4 30. Bh7+ Kf8 31. Red2 g6 32.
Qg4 gxh4 33. Rxd4 Kg7 34. Rf4 Rh8 35. Qf3 Qe5 36. Bxg6 fxg6 37. Rg4 hxg3
38. fxg3 Qb2 39. Qd3 Qh2+ 0-1

[Event "10th EICC"]
[Site "Budva MNE"]
[Date "2009.03.08"]
[Round "3"]
[White "Andrejic,V"]
[Black "Kandic,Milo"]
[Result "1-0"]
[WhiteElo "2275"]
[BlackElo "2075"]
[EventDate "2009.03.06"]

1. d4 Nf6 2. c4 g6 3. Nc3 Bg7 4. e4 d6 5. h3 O-O 6. Nf3 Nbd7 7. Bg5 h6 8.
Be3 e5 9. d5 Nc5 10. Nd2 Nh5 11. b4 Nd7 12. Rc1 a5 13. bxa5 Rxa5 14. Nb3
Ra3 15. c5 Rxb3 16. axb3 dxc5 17. Qd2 Kh7 18. Be2 Nf4 19. Bxf4 exf4 20.
Qxf4 f5 21. O-O Be5 22. Qd2 fxe4 23. Nxe4 Bf4 24. Qc2 Bxc1 25. Rxc1 b6 26.
b4 Ne5 27. bxc5 Qxd5 28. cxb6 cxb6 29. Qc7+ Kh8 30. Qe7 Nd7 31. Nf6 Rf7 32.
Rxc8+ 1-0

[Event "10th EICC"]
[Site "Budva MNE"]
[Date "2009.03.08"]
[Round "3"]
[White "Stamatovic,V"]
[Black "Veleski,R"]
[Result "0-1"]
[WhiteElo "1974"]
[BlackElo "2269"]
[EventDate "2009.03.06"]

1. d4 Nf6 2. c4 g6 3. Nc3 Bg7 4. Nf3 O-O 5. e4 d6 6. Bg5 c5 7. d5 e6 8. Be2
h6 9. Bd2 e5 10. O-O Nh5 11. Qc1 Kh7 12. Ne1 Nf6 13. f4 exf4 14. Bxf4 Qe7
15. Qc2 Nbd7 16. Bd3 Ne5 17. Nf3 Nfg4 18. Be2 Nxf3+ 19. gxf3 Bd4+ 20. Kg2
Ne3+ 21. Bxe3 Bxe3 22. Bd3 Qh4 23. Kh1 Bh3 24. Rfe1 Bf2 25. Re2 Bd4 26. Nb5
Be5 27. Qd1 Qf6 28. Rc2 Bxb2 29. Rb1 Be5 30. Qe2 Rfd8 31. Rcc1 Rd7 32. Rg1
Re7 33. Na3 Rae8 34. Nc2 b6 35. Ne3 Bf4 36. Ng4 Bxg4 37. Rxg4 Re5 38. Rbg1
Rh5 39. R4g2 Ree5 40. Rf1 Bxh2 41. Rxh2 Qf4 42. Rff2 Reg5 43. Qf1 Qe3 44.
f4 Rxh2+ 45. Rxh2 Rg3 46. e5 dxe5 47. fxe5 Rf3 48. Qe2 Qxd3 49. Qxd3 Rxd3
50. Re2 Kg7 51. Kg2 Rd4 52. Kf3 Rxc4 53. Rd2 Rd4 54. Rxd4 cxd4 55. Ke4 Kf8
0-1

[Event "10th EICC"]
[Site "Budva MNE"]
[Date "2009.03.08"]
[Round "3"]
[White "Rabrenovic,M"]
[Black "Vukovic,K"]
[Result "1-0"]
[WhiteElo "2257"]
[BlackElo "2055"]
[EventDate "2009.03.06"]

1. e4 e6 2. d4 d5 3. Nc3 Nf6 4. e5 Nfd7 5. f4 c5 6. Nf3 Nc6 7. Be3 a6 8.
Qd2 b5 9. Be2 Be7 10. O-O O-O 11. Kh1 Bb7 12. Nd1 Rc8 13. c3 Qa5 14. Bd3
Qb6 15. f5 cxd4 16. cxd4 Bb4 17. Qf2 Na5 18. Qh4 exf5 19. Bxf5 g6 20. Bxd7
Rc2 21. a3 Nb3 22. axb4 Nxa1 23. Qh6 f6 24. Ng5 1-0

[Event "10th EICC"]
[Site "Budva MNE"]
[Date "2009.03.08"]
[Round "3"]
[White "Spiric,I"]
[Black "Petovic,L"]
[Result "1-0"]
[WhiteElo "2255"]
[BlackElo "2052"]
[EventDate "2009.03.06"]

1. d4 Nf6 2. c4 g6 3. Nc3 d5 4. cxd5 Nxd5 5. e4 Nxc3 6. bxc3 Bg7 7. Bb5+
Bd7 8. Bc4 O-O 9. Ne2 c5 10. O-O Nc6 11. Be3 Bg4 12. f3 Na5 13. Bd3 cxd4
14. cxd4 Be6 15. Qa4 a6 16. d5 b5 17. Qd1 Bxa1 18. Qxa1 f6 19. Nf4 Bd7 20.
e5 Rc8 21. d6 Nc4 22. Bxc4+ Rxc4 23. Nd5 exd6 24. Nxf6+ Rxf6 25. exf6 Kf7
26. Bd4 Qc8 27. Qe1 Be6 28. Qh4 h5 29. Qf4 Qf8 30. Re1 d5 31. Qe3 Rc6 32.
h3 Qb4 33. a3 Qf8 34. Rc1 Rc4 35. Re1 Rc6 36. Kh1 Qh8 37. Bb2 d4 38. Qxd4
Qc8 39. Qe3 Qf8 40. Qa7+ Kg8 41. Qb7 Rd6 42. Bd4 Rd7 43. Qxa6 Bc4 44. Qc6
Qf7 45. Bc3 Kh7 46. Qxd7 Qxd7 47. Re7+ Qxe7 48. fxe7 Bf7 49. h4 Be8 50. Kh2
Kg8 51. Kg3 Kf7 52. Bb4 Kf6 53. Kf4 Bd7 54. Ke4 Bc6+ 55. Kd4 Ke6 56. Kc5
Be8 57. Kb6 Bd7 58. Kc7 Be8 59. Kd8 Kf7 60. g4 Bc6 61. g5 Be8 62. f4 Bc6
63. Bd2 b4 64. axb4 Bb5 65. f5 1-0